Nocturna palabra (Registro nro. 12633)

Detalles MARC
000 -ENCABEZADO
Número de control [NR] 00555nam a2200181Ia 4500
008 - DE LONGITUD FIJA DE DATOS DE ELEMENTOS - INFORMACIÓN GENERAL
Elementos de longitud fija [NR] 130821s1976 mx gr spa
040 ## - FUENTE DE CATALOGACION [NR]
Agencia de catalogación original [NR] Co-BoUCM
Idioma de catalogación [NR] spa
041 ## - CODIGO DE IDIOMA [R]
Código de idioma para texto/pista de sonido o título separado [R] Español
100 ## - ASIENTO PRINCIPAL--NOMBRE PERSONAL [NR]
Nombre personal [NR] Nandino, Elías
ID Autoridad 155869
245 ## - MENCION DE TITULO [NR]
Título [NR] Nocturna palabra
Mención de responsabilidad, etc. [NR] Elías Nandino
260 ## - PUBLICACION, DISTRIBUCION, ETC. (PIE DE IMPRENTA) [R]
Lugar de publicación, distribución, etc. [R] México D.F. (México)
Nombre del editor, distribuidor, etc. [R] UNAM
Fecha de publicación, distribución, etc. [R] 1976
300 ## - DESCRIPCION FISICA [R]
Extensión [R] 134 páginas
490 ## - MENCION DE SERIE [R]
Mención de serie [R] Colección de poemas y ensayos
650 04 - ASIENTO SECUNDARIO DE MATERIA - TERMINO TEMATICO [R]
Término temático o nombre geográfico como elemento de entrada [NR] Poesía española
9 (RLIN) 21809
650 04 - ASIENTO SECUNDARIO DE MATERIA - TERMINO TEMATICO [R]
Término temático o nombre geográfico como elemento de entrada [NR] Poesía mexicana
9 (RLIN) 21833
942 ## - ELEMENTOS DE ENTRADA AGREGADOS (KOHA)
Tipo de ítem principal el descrito en 300a Libro
Tema principal Literatura
Edición 1
Prefijo de la signatura top. (colección) Literatura - México
Parte restante de la signatura top. N17
Sistema de clasificación DEWEY
Clasificación 861
Título oculto en OPAC No
Existencias
Fecha de último préstamo Total préstamos Signatura topográfica Código de barras Última vez visto Ejemplar Price effective from Tipo de ítem Perdido Sistema de clasificación Dañado No prestable Tipo de ítem específico Suprimido Ubicación habitual Ubicación actual Localización Fecha de creación Forma de adquisición Costo
25/11/2014 1 M 861 N17 100014099 01/12/2025 Ej.1 03/02/2013 Libro   DEWEY     Libro   Hospital Universitario Mayor Hospital Universitario Mayor 9no piso 28/02/2003 Donación 800.00